| 000 | 00606nam a2200205Ia 4500 | ||
|---|---|---|---|
| 008 | 191130s2005##################000#0#eng## | ||
| 020 | _a9780375760129 | ||
| 040 |
_aACL _cACL |
||
| 082 | _a941.60824 ADA | ||
| 100 | _aAdams, Gerry | ||
| 245 |
_aByzantine style, religion, and civilization : in honour of sir Steven Runciman _cGerry Adams |
||
| 260 |
_aNew York _bRandom House _c2005 |
||
| 300 | _axxxiii, 418 p. : ill. ; 21 cm. | ||
| 650 | _aByzantine Empire | ||
| 650 | _aCivilization | ||
| 650 | _aReligion | ||
| 990 | _a81dbe19bac10000c4ca0a942b6528f6b | ||
| 991 | _a196040 | ||
| 999 |
_c247468 _d247468 |
||